| 000 | 00897nam a2200205 a 4500 | ||
|---|---|---|---|
| 001 | 000041688 | ||
| 005 | 20201002035713.0 | ||
| 008 | 130725s2001 sp 001 0 spa d | ||
| 040 |
_aDO-SdBNP _bspa _cBNPHU |
||
| 100 | 1 |
_aMorelló i Baget, Jordi _968498 |
|
| 245 | 1 | 3 |
_aFiscalitat i deute públic en dues viles del Camp de Tarragona : _bReus i Valls, segles XIV-XV / _cJordi Morelló Baget. |
| 260 |
_aBarcelona : _bConsejo Superior de Investigaciones Científicas, _c2001. |
||
| 300 | _c25 cm. | ||
| 490 | 1 |
_aAnejos del Anuario de estudios medievales ; _aAnnex _v43 |
|
| 500 | _aIncluye referencias bibliográficas y notas al pie de las páginas | ||
| 500 | _aIncluye índice | ||
| 504 | _aIncluye bibliografía a final de cada cápitulo | ||
| 710 | 2 |
_aConsejo Superior de Investigaciones Científicas (España) _915178 |
|
| 830 | 0 |
_aAnejos del Anuario de estudios medievales ; _pAnnex _v43 _968499 |
|
| 999 |
_c41178 _d41178 |
||